000 00342nam a2200133Ia 4500
008 240624s9999 xx 000 0 und d
041 _aeng
082 _a658.05 CRE
100 _aCREMADES ALEJANDRO
245 _aART OF STARTUP FUNDRAISING PITCHING INVE
260 _c2016
_aNew Delhi
_bWiley
300 _axix, 204 p.; 23 cm.
365 _cRS
999 _c31863
_d31863